| 000 | 00727nam a22002177a 4500 | ||
|---|---|---|---|
| 005 | 20170124110254.0 | ||
| 010 | _aA-834969 | ||
| 020 | _c00.00 | ||
| 035 | _aA-834969 | ||
| 037 | _bCen Lib/Ret | ||
| 040 |
_aDPL _bEN |
||
| 082 |
_a657.021 _bNAT |
||
| 110 |
_aIndia. Central Statistical Organisation. _9101467 |
||
| 245 |
_aNational accounts statistics : _bsources and methods / |
||
| 260 |
_aNew Delhi _bDepartment of Statistics Ministry of Planning _c1989 |
||
| 270 | _bNew Delhi | ||
| 300 |
_avi,374p. _c26cm(Hb) |
||
| 650 |
_aGross national product -- India -- Statistical methods. _9101468 |
||
| 650 |
_aGross national product -- Statistical methods. _9101469 |
||
| 942 |
_2ddc _cEN _h657.021 _mNAT |
||
| 999 |
_c136072 _d136072 |
||